Statistics for Speed Geography

Click here to take the quiz!

General Stats

  • This quiz has been taken 163 times
  • The average score is 3 of 7

Answer Stats

HintAnswer% Correct
What gulf borders Iran and Saudi Arabia?Persian Gulf
88%
What US state is in both the Western and Eastern Hemispheres?Alaska
65%
What country borders Swaziland and Malawi?Mozambique
58%
What country is the only country that calls Scientology a religion?United States
58%
What major river goes through goes through Varanasi, India?Ganges
40%
What US state contains Carlsbad Caverns National Park?New Mexico
25%
What major line of latitude runs through China and Mexico? (Every 15 degrees)30 N
5%

Score Distribution

Percentile by Number Answered

Percent of People with Each Score

Your Score History

You have not taken this quiz